000 00316nam a2200133Ia 4500
008 190216s9999||||xx |||||||||||||| ||und||
100 _aFrank Chorlton
245 0 _aText Book Of Dynamics
250 _a4st Ed.
260 _bEnglish Language Book Society
_c1969
300 _a263
650 _aPhysics
942 _cBK
999 _c32810
_d32810